The Penguin dictionary of economics
Sparad:
| Huvudupphovsman: | |
|---|---|
| Materialtyp: | Bok |
| Språk: | Undetermined |
| Publicerad: |
London
Pengunin Books
2003
|
| Ämnen: | |
| Taggar: |
Lägg till en tagg
Inga taggar, Lägg till första taggen!
|
| Thư viện lưu trữ: | Trung tâm Học liệu Trường Đại học Cần Thơ |
|---|
| LEADER | 00519nam a2200193Ia 4500 | ||
|---|---|---|---|
| 001 | CTU_100089 | ||
| 008 | 210402s9999 xx 000 0 und d | ||
| 020 | |c 205000 | ||
| 082 | |a 330.03 | ||
| 082 | |b B219 | ||
| 100 | |a Bannock, Graham | ||
| 245 | 4 | |a The Penguin dictionary of economics | |
| 245 | 0 | |c Graham Bannock, R. E. Baxter, Evan Davis | |
| 260 | |a London | ||
| 260 | |b Pengunin Books | ||
| 260 | |c 2003 | ||
| 650 | |a Economics | ||
| 904 | |i Hiếu | ||
| 980 | |a Trung tâm Học liệu Trường Đại học Cần Thơ | ||